000
00325nam a2200133 a 4500
005
20140513081054.0
008
031023s19uu xx 00 eng d
050
_a
VCD
_b
Po739 1999
245
_a
Pocahontas.
260
_b
Walt Disney Home Video,
_c
1999.
440
_a
Walt Disney Classic
650
_a
Movie
999
_c
116426
_d
116426